000 00425 a2200157 4500
020 _a078972569X
040 _aDLC
082 0 0 _a005.74
100 1 _aPetersen, John V.
245 1 0 _aAbsolute beginner's guide to databases
_cJohn V. Petersen
260 _aNew Delhi :
_bTechmedia,
_cc2002.
300 _a313 p. :
_bill. ;
_c24 cm.
500 _aIncludes index.
650 0 _aDatabase management.
942 _cBK
_k005.74 PET
_2ddc
999 _c6561
_d6561